Los 100 mejores juegos de ingenio. Entrena tu cerebro para los negocios y la vida (Registro nro. 13885)

Detalles MARC
000 -Cabecera
Campo de control de longitud fija 00658nam a22002537a 4500
005 - Fecha y hora de la última transacción
Campo de control 20260130134332.0
008 - Elementos de longitud fija--Información general
Campo de control de longitud fija 260130b2021 |||||||| |||| 00| 0 spa d
020 ## - International Standard Book Number
Número Internacional Estándar del Libro (ISBN) 9788449332296
041 ## - Idioma
Código de idioma Español
082 ## - Clasificación Decimal Dewey
Número de clasificación 793.73 S944L
100 ## - Entrada principal--Autor personal
Nombre personal Sués Caula, Jaume
245 ## - Título propiamente dicho
Título Los 100 mejores juegos de ingenio. Entrena tu cerebro para los negocios y la vida
260 ## - Pie de imprenta
Lugar de publicación, distribución, etc. España
260 ## - Pie de imprenta
Nombre del editor, distribuidor, etc. Paidós
260 ## - Pie de imprenta
Fecha de publicación, distribución, etc. 2021
300 ## - Descripción física
Extensión 239 páginas
490 ## - Serie
Título de la Serie Temática General
650 ## - Materia general
Temática (materia general) JUEGOS DE INGENIO
650 ## - Materia general
Temática (materia general) JUEGOS MENTALES
650 ## - Materia general
Temática (materia general) JUEGOS DE HABILIDAD
650 ## - Materia general
Temática (materia general) ENIGMAS
650 ## - Materia general
Temática (materia general) SOLUCIONES
942 ## - Punto de acceso adicional KOHA
Fuente del sistema de clasificación o colocación Dewey Decimal Classification
Tipo de ítem KOHA Libro
Existencias
Signatura completa Código de barras Programa Académico Tipo de ítem
793.73 S944L 26233 Temática General Libro